000
00302nam a2200121 a 4500
005
20140414132014.0
008
110314s19uu xx 00 eng d
050
_a
TR
_b
B65 2001
100
_a
Depaola, Tomie
245
_a
Boss for a day.
260
_a
New York :
_b
Scholastic ,
_c
2000.
999
_c
113341
_d
113341